000 00633nam a2200205 a 4500
005 20220916063603.0
008 140620s1999 mx r 000 0 spa d
020 _a8484180212
035 _aUPN01000198154
049 _aI
050 4 _aPZ76.3
_bK4.32
100 1 _aKlinting, Lars,
_d1948-2006
_935798
245 1 0 _aCastor y Frip lo reparan todo /
_cLars Klinting ; tr. Pilar Garriga.
260 _aBarcelona, Esp. :
_bZendrera Zariquiey,
_c1999.
300 _a[30] p. :
_bil. col.
650 0 _aAnimales
_vCuentos y leyendas
_9234
650 7 _aLibros ilustrados para niƱos
_2
_921365
905 _aInfantil
999 _c170255
_d170255